Lie Detection from a Video Sequence (Record no. 13022)

000 -LEADER
fixed length control field 00441nam a22001457a 4500
082 ## - DEWEY DECIMAL CLASSIFICATION NUMBER
Classification number BEE-2 ZUH
100 ## - MAIN ENTRY--PERSONAL NAME
Personal name Zuha Mujahid
9 (RLIN) 92911
245 ## - TITLE STATEMENT
Title Lie Detection from a Video Sequence
260 ## - PUBLICATION, DISTRIBUTION, ETC.
Place of publication, distribution, etc. Islamabad
Name of publisher, distributor, etc. NUST SEECS
Date of publication, distribution, etc. 2014
500 ## - GENERAL NOTE
General note Supervisor: Dr.Anisur-Rehan
563 ## - BINDING INFORMATION
Binding note HB
700 ## - ADDED ENTRY--PERSONAL NAME
Personal name Zuha Mujahid, Nida Usmani, Syeda Khoobru Gilani
9 (RLIN) 92912
856 ## - ELECTRONIC LOCATION AND ACCESS
Uniform Resource Identifier <a href="http://10.250.8.41:8080/xmlui/handle/123456789/10817">http://10.250.8.41:8080/xmlui/handle/123456789/10817</a>
942 ## - ADDED ENTRY ELEMENTS (KOHA)
Koha item type Project Report
Source of classification or shelving scheme
Holdings
Withdrawn status Lost status Source of classification or shelving scheme Damaged status Not for loan Permanent Location Current Location Shelving location Date acquired Full call number Barcode Date last seen Price effective from Koha item type
WITHDRAWN         Central Library (CL) Central Library (CL) General Stacks 10/26/2014 BEE-2 ZUH SEECSP01546 10/26/2014 10/26/2014 Project Report
© 2023 Central Library, National University of Sciences and Technology. All Rights Reserved.